Introduction to Algorithms (Record no. 3677)

000 -LEADER
fixed length control field 00408nam a2200157Ia 4500
008 - FIXED-LENGTH DATA ELEMENTS--GENERAL INFORMATION
fixed length control field 190215s9999||||xx |||||||||||||| ||und||
020 ## - INTERNATIONAL STANDARD BOOK NUMBER
International Standard Book Number 8120313534
082 ## - DEWEY DECIMAL CLASSIFICATION NUMBER
Item number COR/I
100 ## - MAIN ENTRY--PERSONAL NAME
Personal name Cormen, Thomas H.
245 #0 - TITLE STATEMENT
Title Introduction to Algorithms
250 ## - EDITION STATEMENT
Edition statement 1st Edition
260 ## - PUBLICATION, DISTRIBUTION, ETC.
Place of publication, distribution, etc. New Delhi
Name of publisher, distributor, etc. Prentice Hall of India Pvt. Ltd.
Date of publication, distribution, etc. 2000
300 ## - PHYSICAL DESCRIPTION
Extent 1028p.
700 ## - ADDED ENTRY--PERSONAL NAME
Personal name Leiserson, Charles E.
942 ## - ADDED ENTRY ELEMENTS (KOHA)
Koha item type Book
Holdings
Withdrawn status Lost status Damaged status Not for loan Collection code Permanent Location Current Location Date acquired Cost, normal purchase price Total Checkouts Full call number Barcode Date last seen Date last checked out Price effective from Koha item type
        School of Data Science (Noida) MUIT-NOIDA MUIT-NOIDA 2019-02-15 850.00 6 005.1 COR/I DSC00145 2024-08-27 2024-08-20 2019-02-15 Reference Book

All Rights Reserved@MUIT

Powered by Koha